Origenes africanos del hombre americano : Venezuela 2006 /

Saved in:
நூற்பட்டியல் விவரங்கள்
தலைமை எழுத்தாளர்: Linárez, Pedro Pablo.
வடிவம்: புத்தகம்
மொழி:Spanish
வெளியீடப்பட்டது: Venezuela : [s.n.], 2006
பகுதிகள்:
குறியீடுகள்: குறிச்சொல் இணை
குறியீடுகள் இல்லை, இந்த குறிச்சொல்லை முதலில் பதிவு செய்யுங்கள்!
LEADER 00636cam a2200193Ka 4500
001 011494792-9
005 20090410182004.0
008 080725s2006 ve a b 000 0 spa d
035 0 |a ocn236092339 
040 |a CUY  |c CUY  |d ZCU 
050 1 4 |a DT16.5  |b .L56 2006 
100 1 |a Linárez, Pedro Pablo. 
245 1 0 |a Origenes africanos del hombre americano :  |b Venezuela 2006 /  |c Pedro Pablo Linárez. 
260 |a Venezuela :  |b [s.n.],  |c 2006  |e (Barquisimeto :  |f Tipografía y Litografía Horizonte). 
300 |a 139 p. :  |b ill. ;  |c 16 cm. 
504 |a Includes bibliographical references. 
650 0 |a African diaspora. 
988 |a 20080619 
906 |0 OCLC